LEADER 01298nam a2200253 i 4500 001 000000047852 003 CaOOAMICUS 005 20220208111744.0 008 121030s1670 sz u000 u lat u 013 $a19022 026 $ausmo d.n- i-a- sucr (3) 1670 (R) 040 $aSeMil$bita 245 00$aTomus 9. De sacramentis in genere, et de baptismo, confirmatione, et eucharistia in specie. 300 $a[24], 615, [17] p., [1] carta di tav. :$bantip. 500 $aAntip. calcogr. 500 $aSegn.: ?? §8(-§1) A-2B12 2C4 (Nella segn. presente la W) 650 4$aSacramenti - Teologia cattolica.$0(OLS)http://semarc/subject/113 650 4$aTeologia - Testi - Sec. 17.$0(OLS)http://semarc/subject/2241 650 4$aIniziazione cristiana.$0(OLS)http://semarc/subject/125 773 0 $tCursus theologicus in gratiam et utilitatem fratrum religiosorum S. Galli impressus. Tomus 1. [-10.].$d[San Gallo] : typis eiusdem Monasterij : S. Galli : excudebat Joannes Adamus Haercknerus, 1670-$g9$w()27611 850 $aSeMil 852 $aSeMil$W1$xVenegono$y1$m2D I 42 FA$j14007$B14007$CSeMilBibl$Z2$F14007 $8I 996 $6245$aTomus 9. De sacramentis in genere, et de baptismo, confirmatione, et eucharistia in specie$9(OLS)http://semarc/title/72243 LEADER 00695nam a2200181 i 4500 001 000000127276 003 CaOOAMICUS 005 20040609000000.0 008 040609s1962 gw u000 u ger u 013 $a99984 040 $aSeMil$bita 245 10$aSh-Z. 300 $aXXXIII, 1970 col., 2 c. di tav., 3 c. geografiche. 700 1 $aGalling, Kurt.$0(OLS)http://semarc/name/5635 773 0 $tReligion in Geschichte und Gegenwart.$b3., völlig neu bearbeitete Auflage.$dTübingen : J.C.B. Mohr, Paul Siebeck, 1957-1965.$gBand6$w()11749 850 $aSeMil 852 $aSeMil$W1$xVenegono$y1$mSL1.Q VIII 21$j81591$B81591$CSeMilBibl$Z2$F83714 $8I 996 $6245$aSh-Z$9(OLS)http://semarc/title/187822